Statistics for Eight Letter Geography #2

Click here to take the quiz!

General Stats

  • This quiz has been taken 16,836 times
  • The average score is 12 of 20

Answer Stats

HintAnswer% Correct
Bangkok is its capitalThailand
94%
Turkey's biggest cityIstanbul
93%
Most-spoken variety of ChineseMandarin
93%
Capital of ChileSantiago
89%
Capital of HawaiiHonolulu
86%
Africa's largest lakeVictoria
83%
Largest city in New ZealandAuckland
81%
Singapore's neighborMalaysia
81%
French region. Site of the D-Day invasionNormandy
78%
County in northwest England, home
to a grinning cat
Cheshire
63%
Tanzania island.
Briefly an independent country
Zanzibar
56%
Congolese capitalKinshasa
54%
Scottish archipelago composed of
Inner and Outer parts
Hebrides
48%
River that gives Los Angeles
much of its water
Colorado
43%
Second biggest city in ColombiaMedellin
42%
Far southwestern English town. Musical
pirates live there
Penzance
38%
Second biggest city in the Tokyo areaYokohama
32%
The main peninsula of Turkey.
Also called Asia Minor
Anatolia
30%
Primary language of MadagascarMalagasy
20%
Term for a mountain under the oceanSeamount
10%

Score Distribution

Percentile by Number Answered

Percent of People with Each Score

Your Score History

You have not taken this quiz